00880nam a22002177a 450000500170000001000150001702000260003203500130005803700130007108200110008410000200009524500830011526000420019827000790024030000210031950000500034094200250039099900170041595201240043295201060055620140925121434.0 aENG-110915 a9788192958255c620.00 aEN-94447 bDBAD/PUB a305.42 aMahanty, Shukla aWomen empowerment :cby Shukla Mahantyba system for sustainable development / aNew DelhibGyan Geeta Prakashanc2014 aF-7, Gali no. 1, Panchsheel Garden Ext. Naveen ShahdarabNew Delhie110032 a312p. c22cm(Hb) aIncludes bibliographical references and index 2ddccENmMAHh305.42 c88835d88835 001040718NFICaDBADbDBADd2014-09-19eDBAD/PUBg620.00l0o305.42 MAHpEN-94447r2014-09-19 00:00:00t1v620.00yEN 001040708NFICaBL4bBL4d2023-05-10g1100.00l0o305.42 MAHpEN-120329r2023-05-10 00:00:00t1yEN